Online
Catalog

De la masacre a la sentencia 168-13 : (Record no. 47384)

MARC details
000 -CABECERA
campo de control de longitud fija 01207nam a2200241 a 4500
001 - NÚMERO DE CONTROL
campo de control 00004789
003 - IDENTIFICADOR DEL NÚMERO DE CONTROL
campo de control DO-SdBNP
005 - FECHA Y HORA DE LA ÚLTIMA TRANSACCIÓN
campo de control 20210831105918.0
008 - DATOS DE LONGITUD FIJA--INFORMACIÓN GENERAL
campo de control de longitud fija 181002s 2017 dr 000 0 spa d
020 ## - NÚMERO INTERNACIONAL ESTÁNDAR DEL LIBRO
Número Internacional Estándar del Libro 9789945909814
040 ## - FUENTE DE LA CATALOGACIÓN
Centro catalogador/agencia de origen DO-SdBNP
Lengua de catalogación spa
Centro/agencia transcriptor BNPHU
082 ## - NÚMERO DE LA CLASIFICACIÓN DECIMAL DEWEY
Número de clasificación xx
Número de documento/Ítem xx
100 1# - ENTRADA PRINCIPAL--NOMBRE DE PERSONA
Nombre de persona Hintzen, Amelia
9 (RLIN) 72940
245 10 - MENCIÓN DE TÍTULO
Título De la masacre a la sentencia 168-13 :
Resto del título apuntes para la historia de la segregación de los haitianos y sus descendientes en República Dominicana /
Mención de responsabilidad, etc. Amelia Hintzen ; traducción Ana Abreu y José Bencosme.
260 ## - PUBLICACIÓN, DISTRIBUCIÓN, ETC.
Lugar de publicación, distribución, etc. Santo Domingo :
Nombre del editor, distribuidor, etc. Fundación Juan Bosch,
Fecha de publicación, distribución, etc. 2017.
300 ## - DESCRIPCIÓN FÍSICA
Extensión 154 p. ;
Dimensiones 25 cm.
500 ## - NOTA GENERAL
Nota general Incluye referencias bibliográficas y notas al pie de las páginas
505 0# - NOTA DE CONTENIDO CON FORMATO
Nota de contenido con formato Un velo de legalidad. La controvertida historia de la ideología antihaitiana bajo la dictadura de Trujillo -- Azúcar transnacional: migración laboral y relaciones domínico-haitianas -- Antihaitianismo, azúcar y ciudadanía -- Extranjeros en tránsito: la evolución histórica de las políticas migratorias en la República Dominicana
590 ## - NOTA LOCAL (RLIN)
Nota local Inventariado, 2018/VM
700 1# - PUNTO DE ACCESO ADICIONAL--NOMBRE DE PERSONA
Nombre de persona Abreuj, Ana
Término indicativo de función/relación tr.
9 (RLIN) 75458
700 1# - PUNTO DE ACCESO ADICIONAL--NOMBRE DE PERSONA
Nombre de persona Bencosme, José
Término indicativo de función/relación tr.
9 (RLIN) 55026
942 ## - ELEMENTOS DE PUNTO DE ACCESO ADICIONAL (KOHA)
Fuente del sistema de clasificación o colocación Dewey Decimal Classification
Tipo de ítem Koha Libro
Holdings
Estado de retiro Estado de pérdida Fuente del sistema de clasificación o colocación No para préstamo Código de colección Localización permanente Ubicación/localización actual Ubicación en estantería Fecha de adquisición Número de inventario Total de préstamos Signatura topográfica completa Código de barras Fecha visto por última vez Número de copia Precio válido a partir de Tipo de ítem Koha
    Dewey Decimal Classification Préstamo en sala Monografías: Libros y Folletos Biblioteca Nacional Pedro Henríquez Ureña Dominicana En catalogación 02.10.2018 LF1   BNPHU DS 47896-30 25.06.2020 e. 3 25.06.2020 No se presta
    Dewey Decimal Classification Excluido de préstamo Monografías: Libros y Folletos Biblioteca Nacional Pedro Henríquez Ureña Patrimonio Dominicano Depósito 02.10.2018 LF1   BNPHU PD 47896-10 25.06.2020   25.06.2020 No se presta
    Dewey Decimal Classification Excluido de préstamo Monografías: Libros y Folletos Biblioteca Nacional Pedro Henríquez Ureña Patrimonio Dominicano Depósito 02.10.2018 LF1   BNPHU PD 47896-20 25.06.2020 e. 2 25.06.2020 No se presta

Powered by Koha